LEADER 04924oam 2200697 450 001 9910788829903321 005 20231129181850.0 010 $a3-11-038401-9 010 $a3-11-034861-6 024 7 $a10.1515/9783110348613 035 $a(CKB)3360000000515181 035 $a(EBL)1712981 035 $a(SSID)ssj0001420856 035 $a(PQKBManifestationID)11816133 035 $a(PQKBTitleCode)TC0001420856 035 $a(PQKBWorkID)11408555 035 $a(PQKB)10764543 035 $a(DE-B1597)246743 035 $a(OCoLC)891772679 035 $a(OCoLC)898769836 035 $a(DE-B1597)9783110348613 035 $a(Au-PeEL)EBL1712981 035 $a(CaPaEBR)ebr11010213 035 $a(CaONFJC)MIL806352 035 $a(MiAaPQ)EBC1712981 035 $a(EXLCZ)993360000000515181 100 $a20150203h20142014 uy 0 101 0 $ager 135 $aur|n|---||||| 181 $ctxt$2rdacontent 182 $cc$2rdamedia 183 $acr$2rdacarrier 200 00$aAvantgarde und modernismus $eDezentrierung, subversion und transformation im literarisch-ku?nstlerischen feld /$fherausgegeben von Wolfgang Asholt 210 1$aBerlin ;$aBoston :$cDe Gruyter,$d2014. 210 4$d©2014 215 $a1 online resource (368 pages) 225 1 $alinguae & litterae,$x1869-7054 ;$vVolume 37 300 $aDescription based upon print version of record. 311 0 $a3-11-034833-0 320 $aIncludes bibliographical references and index. 327 $tFrontmatter --$tInhaltsverzeichnis --$tEinleitung /$rAsholt, Wolfgang --$t1. Avantgardekonzeptionen zwischen "longue durée" und Aktualität --$tThe Taste and the Heart - Revisiting Clement Greenberg /$rPavel, Thomas --$tConseils aux jeunes littérateurs /$rCompagnon, Antoine --$tL'avant-gardisme est-il caduc? /$rMarx, William --$tNanotheorie /$rEtte, Ottmar --$tL'avant-garde en 2012 /$rDagen, Philippe --$tSurvivance et recrudescence de l'avantgarde, ou l'influence de Pierre Alferi sur André Breton /$rSheringham, Michael --$t2. Dezentrierungen der Avantgarden --$tThe Political Implications of the Avant-Gardes of Eastern Europe since 1945 /$rForgacs, Eva --$tMode, Modernismo und Avantgarde /$rEhrlicher, Hanno --$tDie Reterritorialisierung des Menschlichen in den historischen Avantgarden Lateinamerikas /$rBosshard, Marco Thomas --$tJ.-M. G. Le Clézio, Édouard Glissant, Epeli Hau'Ofa: Avantgarden in Ozeanien /$rMüller, Gesine --$tIn der Tradition der Avantgarden? /$rGilcher-Holtey, Ingrid --$t3. Avantgarden, Avantgardekünstler und Avantgardetheorien --$tDer avantgardistische Künstler /$rFähnders, Walter --$tDas Ende vom Anfang. Späte Avantgarden /$rHansen-Löve, Aage A. --$tAvantgardismus als Grenzphänomen integraler Ästhetik /$rSchmidt, Wolf Gerhard --$tAvantgarde und Gesellschaftstheorie /$rMagerski, Christine --$tDie Avantgardetradition dem Konformismus abgewinnen, der sie längst überwältigt hat? /$rBerg, Hubert van den --$tNach Altern und Scheitern: Brauchen wir noch eine Avantgarde-Theorie? /$rAsholt, Wolfgang --$tAutorenverzeichnis --$tPersonenregister 330 $aAvantgarde und Avantgarde-Forschung befinden sich aufgrund der mit dem Begriff verbundenen Verzeitlichung und Verräumlichung in einer permanenten Erklärungs- und Rechtfertigungssituation. Von Beginn an für tot erklärt, "spukt" das "Gespenst der Avantgarde" durch Kunst und Literatur des 20. Jahrhunderts. Es hat grundsätzliche Fragen gestellt, die dieser Band diskutiert. Dazu gehört das immer wieder behauptete "Scheitern" der historischen Avantgarden, ihre Aufhebung in der Post-Avantgarde, gleichzeitig ihre (historische) Notwendigkeit, ihr Verhältnis zur Moderne und ihre zunehmende Vereinnahmung durch den Modernismus. Untersucht wird auch die Bedeutung der Avantgarde für und ihre Infragestellung durch Prozesse gesellschaftlicher Ästhetisierung und ihre aktuellen Möglichkeiten und Erscheinungsformen in Kunst und Gesellschaft. So kommt nicht nur die heutige Situation von Avantgarde und Avantgarde-Forschung in den Blick, es sollen auch neue Perspektiven auf Kunst und Literatur des 20. Jahrhunderts entwickelt und eine Positionsbestimmung von "Avantgarde heute" unternommen werden. 410 0$aLinguae & litterae ;$vVolume 37. 606 $aAvant-garde (Aesthetics)$xHistory 606 $aAvant-garde (Aesthetics)$xPolitical aspects 606 $aLiterature, Experimental$xHistory 610 $aPost-avant-garde. 610 $aTheory of avant-garde. 615 0$aAvant-garde (Aesthetics)$xHistory. 615 0$aAvant-garde (Aesthetics)$xPolitical aspects. 615 0$aLiterature, Experimental$xHistory. 676 $a700/.411 686 $aEC 2440$2rvk 702 $aAsholt$b Wolfgang 801 0$bMiAaPQ 801 1$bMiAaPQ 801 2$bMiAaPQ 906 $aBOOK 912 $a9910788829903321 996 $aAvantgarde und modernismus$93767678 997 $aUNINA LEADER 02400nam0 22005053i 450 001 RAV0040327 005 20251003044320.0 010 $a880602972X 020 $aIT$b82255 100 $a19890323d1980 ||||0itac50 ba 101 | $aita 102 $ait 181 1$6z01$ai $bxxxe 182 1$6z01$an 183 1$6z01$anc$2RDAcarrier 200 1 $aMalthus$esviluppo e ristagno della produzione capitalistica$fLilia Costabile$gcon un saggio introduttivo di Augusto Graziani 210 $aTorino$cEinaudi$d[1980] 215 $aLV, 141 p.$d19 cm 225 | $aPiccola biblioteca Einaudi$v388 311 $aP. VIII-LV.$9RAV0054851 410 1$1001CFI0010621$12001 $aPiccola biblioteca Einaudi$v388 423 1$12001 $aMalthus e la teoria della domanda effettiva$fdi Augusto Graziani.$1700 1$aGraziani$b, Augusto$f <1933-2014>$3UFIV005895$4070 606 $aMalthus, Robert$xPensiero economico$2FIR$3NAPC039232$9I 676 $a330.01$9ECONOMIA. FILOSOFIA E TEORIA$v21 676 $a330.1$9SISTEMI E TEORIE ECONOMICHE$v18 676 $a330.1$9SCIENZE ECONOMICHE. SISTEMI E TEORIE$v19 676 $a330.153$9ECONOMIA CLASSICA$v20 676 $a330.153$9$v21 676 $a330.153$9SCUOLE DI PENSIERO ECONOMICO. ECONOMIA CLASSICA$v22 676 $a330.153$9ECONOMIA CLASSICA.$v23 686 $aX09.1$cTEORIA ECONOMICA$2R 686 $aX30.8$cSTRUTTURE SOCIALI CLASSI E CETI$2R 700 1$aCostabile$b, Lilia$3CFIV065544$4070$0118181 702 1$aGraziani$b, Augusto$f <1933-2014>$3UFIV005895 790 1$aGraziani$b, A.$3SBNV006745$zGraziani, Augusto <1933-2014> 801 3$aIT$bIT-000000$c19890323 850 $aIT-BN0095 $aIT-AV0003 $aIT-AV0007 $aIT-NA0079 $aIT-BN0015 901 $bNAP AV$cSEZ. M $nSezione Moderna 901 $bNAP 01$cPOZZO LIB.$nVi sono collocati fondi di economia, periodici di ingegneria e scienze, periodici di economia e statistica e altri fondi comprendenti documenti di economia pervenuti in dono. 901 $bNAP AR$cP. CICCONE$nDONAZIONE 912 $aRAV0040327 950 0$aBiblioteca Centralizzata di Ateneo$c1 v.$d 01POZZO LIB.F. PARRAVICINI 262$e 0101 0600160685E VMA 1 v. (Precedente collocazione P 213)$fB $h20220912$i20220912 977 $a 01$a AR$a AV$a BN$a PB 996 $aMalthus$9197146 997 $aUNISANNIO